| 000 | 00000nam 2200000za 4500 |
| 001 | 9.699753 |
| 003 | CaOODSP |
| 005 | 20241203113638 |
| 007 | cr ||||||||||| |
| 008 | 150407|2014||||xxc|||||o f|0| 0 eng d |
| 020 | |a978-1-100-24908-7 |
| 040 | |aCaOODSP|beng |
| 043 | |an-cn--- |
| 086 | 1 |aEn4-106/2014E-PDF |
| 110 | 1 |aCanada. |bEnvironment Canada. |
| 245 | 10|aWarning to hunters - the Barrow's Goldeneye : |h[electronic resource]|bknow how to recognize it! |
| 260 | |aGatineau - Quebec : |bEnvironment Canada |cc2014. |
| 300 | |a2p.|billus., maps, photographs |
| 590 | |a15-10|b2015-03-06 |
| 690 | 07|aEndangered species|2gcpds |
| 775 | 08|tAvis aux chasseurs - le Garrot d'Islande : |w(CaOODSP)9.643731 |
| 776 | 0#|tWarning to hunters - the Barrow's Goldeneye : |w(CaOODSP)9.652814 |
| 795 | |tWarning to hunters - the Barrow's Goldeneye : |w(CaOODSP)9.698922 |
| 856 | 40|ahttp://publications.gc.ca|qPDF|s707 KB|uhttps://publications.gc.ca/collections/collection_2015/ec/En4-106-2014-eng.pdf |